000 00341pab a2200145 454500
008 180718b1984 xxu||||| |||| 00| 0 eng d
100 _aBose, Devabrata
245 _aLooking ahead - the search for water
260 _c1984
300 _a45-8
362 _a12 Nov.
650 _aWater Supply - India
773 _aCapital
909 _a20620
999 _c20620
_d20620